000 00764cam a22002531 4500
001 24288
003 BD-RjUL
005 20211209001030.0
008 140313s1962 enkaf 001 0 eng
035 _a(BD-RjUL)24354
040 _aDLC
_cMCW
_dDLC
_dBD-RjUL
_beng
041 _aeng
082 0 0 _a922.2
_bTRN 1962
100 1 _aTrevor, Meriol.
_974797
245 0 0 _aNewman :
_bthe pillar of the cloud /
_cby Meriol Trevor
260 _aLondon :
_bMacmillan,
_cc1962.
300 _axiv, 649 p., :
_billus., plates ;
_c23 cm.
504 _aIncludes bibliography and index.
505 0 _a1. The pillar of the cloud.-2. Light in winter.
600 1 0 _aNewman, John Henry,
_d1801-1890.
_974808
942 _2ddc
_cBK
999 _c24288
_d24288